| 000 | 00000nam##2200000za#4500 |
| 001 | 9.648111 |
| 003 | CaOODSP |
| 005 | 20200330091742 |
| 007 | ta |
| 008 | 150407|2000||||xxc||||| f|0| 0 eng|d |
| 020 | |a0-662-30184-6 |
| 040 | |aCaOODSP|beng |
| 043 | |an-cn--- |
| 086 | 1 |aE2-253/2000E |
| 110 | 1 |aCanada.|bForeign Affairs and International Trade. |bCanadian Centre for Foreign Policy Development. |
| 245 | 10|aReport from the Roundtable on Governance, Civil Society and the Americas |
| 260 | |aOttawa - Ontario : |bForeign Affairs and International Trade. |c2000. |
| 300 | |a10p. ; |c28 cm. |
| 563 | |aSoftcover |
| 590 | |a01-48|b2001-11-30 |
| 690 | 07|aForeign policy|2gcpds |
| 690 | 07|aConflicts|2gcpds |
| 690 | 07|aWater demand|2gcpds |
| 776 | 0#|tReport from the Roundtable on Governance, Civil Society and the Americas, January 28, 2000 (Victoria) |w(CaOODSP)9.686046 |
| 986 | |a8007.3E |